Beşinci beş yıllık kalkınma planı 1985-1989 (Record no. 5456)
[ view plain ]
| 000 -BAŞLIK | |
|---|---|
| Sabit Uzunlukta Kontrol Alanı | 00867na a2200265 4500 |
| 001 - KONTROL NUMARASI | |
| Denetim Alanı | 18478 |
| 003 - KONTROL NUMARASI IDENTIFIER | |
| Denetim Alanı | MIRAKIL |
| 005 - SON İŞLEM TARİHİ VE ZAMANI | |
| Denetim Alanı | 20181213155037.0 |
| 008 - SABİT-BOY VERİ ELEMANLARI - GENEL BİLGİLER | |
| Sabit Uzunlukta Kontrol Alanı | 161118b tu 000 0 |
| 040 ## - KATALOGLAMA KAYNAK | |
| Orijinal Kataloglama Ajansı | Milas |
| Kataloglama Dili | tur |
| Metne Dönüştürmek Ajansı | TR-AnCHP |
| 041 ## - DİL KODU | |
| Metin / Ses Parça Veya Ayrı Başlığın Dil Kodu | tur |
| 082 ## - DEWEY ONLU SINIFLANDIRMA NUMARASI | |
| Sınıflandırma Numarası | 338.9 |
| Ürün Numarası | B37b 1985 |
| 090 ## - SINIFLAMA NUMARASI | |
| Sınıflama Numarası | 338.9 B37b 1985 |
| 111 ## - ANA GİRİŞ - TOPLANTI ADI | |
| Giriş Elemanı Olarak Toplantı Adı Veya Yargı Alanı Adı | Beş Yıllık Kalkınma Planı |
| Toplantı Veya Antlaşma İmzalandığı Tarihi | 1985-1989 |
| Bölüm / Bölüm / Toplantı Sayısı | 5. |
| 245 ## - BAŞLIK TABLOSU | |
| Başlık | Beşinci beş yıllık kalkınma planı 1985-1989 |
| Sorumluluk Tablosu, Vb | Devlet Planlama Teşkilatı (DPT) |
| 260 ## - YAYIN, DAĞITIM, VB | |
| Yayın, Dağıtım, Vb Yeri | Ankara |
| Yayıncı, Dağıtıcı, Vs Adı | DPT |
| Yayın, Dağıtım, Vb Tarihi | 1985 |
| 300 ## - FİZİKSEL TANIM | |
| Kapsam | 362 s. |
| Diğer Fiziksel Ayrıntıları | tbl.; grf. |
| Boyutlar | 23 sm. |
| 490 ## - SERİSİ TABLOSU | |
| Seri Beyanı | DPT |
| Hacim / Ardışık Tanımı | 1974 |
| 610 ## - KONU KATMA GİRİŞ - TOPLANTI ADI | |
| Giriş Elemanı Olarak Kurumsal Ad Veya Yargı Alanı Adı | Devlet Planlama Teşkilatı (DPT) |
| Genel Alt Bölüm | Kalkınma planları |
| 650 ## - KONU KATMA GİRİŞ - TOPİKAL DÖNEM | |
| Topikal Süreli Veya Coğrafi Ad Giriş Elemanı | Kalkınma planı |
| Aktif Tarihleri | 1985-1989 |
| 651 ## - KONU KATMA GİRİŞ - COĞRAFİ ADI | |
| Coğrafi İsim | Türkiye |
| Genel Alt Bölümü | Beş yıllık kalkınma planları |
| 710 ## - KATMA GİRİŞ - KURUMSAL ADI | |
| Giriş Elemanı Olarak Kurumsal Ad Veya Yargı Alanı Adı | Devlet Planlama Teşkilatı (DPT) |
| 830 ## - SERİSİ EKLENDİ GİRİŞ - ÜNİFORM ADI | |
| Üniforma Başlık | Devlet Planlama Teşkilatı Yayınları |
| 942 ## - EKLENDİ GİRİŞ ELEMANLARI (KOHA) | |
| Sınıflandırma Veya Raf Düzeni Kaynak | Dewey Decimal Classification |
| Koha Öğesi Türü | Books |
| 999 ## - SİSTEM KONTROL NUMARALARI (KOHA) | |
| Koha Biblionumber | 5456 |
| Koha Biblioitemnumber | 5456 |
| Kalıcı Konum | Mevcut Konum | Edinme Tarihi | Edinim Kaynak | Toplam Check-Out'Lar | Tam Çağrı Numarası | Barkod | Tarih Son Görülme | İtibaren Geçerli Fiyatlar | Koha Öğesi Türü | Kopya Sayısı |
|---|---|---|---|---|---|---|---|---|---|---|
| CHP Kütüphanesi | CHP Kütüphanesi | 11/18/2016 | Bağış | 338.9 B37b 1985 | 009881 | 11/18/2016 | 11/18/2016 | Books | ||
| CHP Kütüphanesi | CHP Kütüphanesi | 11/18/2016 | Bağış | 338.9 B37b 1985 | 009882 | 11/18/2016 | 11/18/2016 | Books | k.2 |
